| 000 | 02520nam0a2200397 4500 | ||
|---|---|---|---|
| 001 | RU\NLR\bibl\814076 | ||
| 005 | 20260405112540.0 | ||
| 010 |
_a5-98761-002-8 _bв пер. |
||
| 021 |
_aRU _b2005-8093 _9421 |
||
| 035 | _aRSL-KNO-002572474 | ||
| 035 | _a(NLR Aleph) 000803123 | ||
| 090 |
_a1193883 _c1193883 |
||
| 100 | _a20050221d2004 |||y0rusy50 ca | ||
| 101 | 0 | _arus | |
| 102 | _aRU | ||
| 105 | _aa ||||||||| | ||
| 106 | _ar | ||
| 200 | 1 |
_aТрубопроводы из полимерных и композиционных материалов _eучебник для студентов трубопроводных и строительных специальностей вузов _fВ.И. Агапчев, Д.А. Виноградов _gУфим. гос. нефтяной техн. ун-т |
|
| 210 |
_aМосква _cИнтер _d2004 _eУфа _gРизография ООО ДизайнПолиграфСервис |
||
| 215 |
_a228 с. _cил. _d21 |
||
| 225 | 1 | _aДля высшей школы | |
| 300 | _aНа 2-й с. обл. авт.: Агапчев В.И. - д.т.н., проф., засл. строитель Респ. Башкортостан, чл.-корр. Акад. технол. наук РФ, Виноградов Д.А. - к.т.н., доц. | ||
| 606 | 1 |
_aПластмассовые трубопроводы _jУчебники для высших учебных заведений _92267579 _3RU\NLR\auth\661359251 |
|
| 606 | 1 |
_aТрубопроводы пластмассовые _jРуководства, пособия и т.п. для высшей школы _91416182 _3RU\NLR\auth\66285712 |
|
| 610 | 0 | _aТранспорт -- Трубопроводный транспорт -- Трубопроводы по виду материала -- Пластмассовые трубопроводы -- Учебник для высшей школы | |
| 610 | 0 |
_aкомпозиционные материалы - трубопроводы из них _aполимерные материалы - трубопроводы из них |
|
| 686 |
_aО736я73-1 _2rubbk |
||
| 686 | _aО736я73-1 | ||
| 700 | 1 |
_aАгапчев _bВ. И. _gВладимир Иванович _4070 |
|
| 701 | 1 |
_4070 _8rus _7ca _aВиноградов _bД. А. _cканд. техн. наук _gДмитрий Анатольевич _3RU\NLR\auth\7743378 _926321 |
|
| 801 | 0 |
_aRU _bRuMoRKP _c20050221 _grcr |
|
| 801 | 1 |
_aRU _bRuMoRGB _c20050221 |
|
| 801 | 2 |
_aRU _bNLR _c20050630 _gPSBO |
|
| 942 | _cBOOK | ||
| 980 | _aNB | ||